A Relational Approach to Educational Inequality Theoretical Reflections and Empirical Analysis of a Primary Education School in Istanbul /

In her research R. Nazlı Somel focuses on the topic of educational inequality, both from a theoretical perspective and through an empirical analysis. After a review of prominent approaches to educational inequality and their criticism, she offers a novel strategy to study the issue based on Relation...

Πλήρης περιγραφή

Λεπτομέρειες βιβλιογραφικής εγγραφής
Κύριος συγγραφέας: Somel, R. Nazli (Συγγραφέας, http://id.loc.gov/vocabulary/relators/aut)
Συγγραφή απο Οργανισμό/Αρχή: SpringerLink (Online service)
Μορφή: Ηλεκτρονική πηγή Ηλ. βιβλίο
Γλώσσα:English
Έκδοση: Wiesbaden : Springer Fachmedien Wiesbaden : Imprint: Springer VS, 2019.
Έκδοση:1st ed. 2019.
Θέματα:
Διαθέσιμο Online:Full Text via HEAL-Link
LEADER 03753nam a2200493 4500
001 978-3-658-26615-8
003 DE-He213
005 20191024172304.0
007 cr nn 008mamaa
008 190515s2019 gw | s |||| 0|eng d
020 |a 9783658266158  |9 978-3-658-26615-8 
024 7 |a 10.1007/978-3-658-26615-8  |2 doi 
040 |d GrThAP 
050 4 |a LC189-214.53 
072 7 |a JN  |2 bicssc 
072 7 |a EDU040000  |2 bisacsh 
072 7 |a JN  |2 thema 
072 7 |a JHBC  |2 thema 
082 0 4 |a 306.43  |2 23 
100 1 |a Somel, R. Nazli.  |e author.  |4 aut  |4 http://id.loc.gov/vocabulary/relators/aut 
245 1 2 |a A Relational Approach to Educational Inequality  |h [electronic resource] :  |b Theoretical Reflections and Empirical Analysis of a Primary Education School in Istanbul /  |c by R. Nazli Somel. 
250 |a 1st ed. 2019. 
264 1 |a Wiesbaden :  |b Springer Fachmedien Wiesbaden :  |b Imprint: Springer VS,  |c 2019. 
300 |a IX, 288 p. 1 illus.  |b online resource. 
336 |a text  |b txt  |2 rdacontent 
337 |a computer  |b c  |2 rdamedia 
338 |a online resource  |b cr  |2 rdacarrier 
347 |a text file  |b PDF  |2 rda 
505 0 |a Educational Inequality and the Single-School Study -- Major Dimensions of Educational Inequality in Turkey -- Conceptualizing Educational Inequality: A Relational Approach -- A Typology of Student Milieus -- Common Teacher Practices -- The School Organization and its Educational Inequality Mechanisms. 
520 |a In her research R. Nazlı Somel focuses on the topic of educational inequality, both from a theoretical perspective and through an empirical analysis. After a review of prominent approaches to educational inequality and their criticism, she offers a novel strategy to study the issue based on Relational Sociology and using the relational approaches of Charles Tilly and Pierre Bourdieu. Three relational characteristics of educational inequality are identified that are its relativity, cumulativeness, and being an organized practice. The author then applies this relational perspective to an in-depth study on an Istanbul primary school, analyses students, teachers and school organization in relation to each other and to Turkish education system and society. Contents • Educational Inequality and the Single-School Study • Major Dimensions of Educational Inequality in Turkey • Conceptualizing Educational Inequality: A Relational Approach • A Typology of Student Milieus • Common Teacher Practices • The School Organization and its Educational Inequality Mechanisms Target Groups • Scholars and students of sociology and sociology of education • Teachers, education activists, as well as education policy authorities The Author Dr. R. Nazlı Somel completed her dissertation thesis at humanities and social sciences faculty at Helmut Schmidt University Hamburg in 2019. Her research focus is on educational inequality, education and social change, history and politics of modern education. 
650 0 |a Educational sociology. 
650 0 |a Educational policy. 
650 0 |a Education and state. 
650 0 |a Schools. 
650 1 4 |a Sociology of Education.  |0 http://scigraph.springernature.com/things/product-market-codes/O29000 
650 2 4 |a Educational Policy and Politics.  |0 http://scigraph.springernature.com/things/product-market-codes/O19000 
650 2 4 |a Schools and Schooling.  |0 http://scigraph.springernature.com/things/product-market-codes/O52000 
710 2 |a SpringerLink (Online service) 
773 0 |t Springer eBooks 
776 0 8 |i Printed edition:  |z 9783658266141 
776 0 8 |i Printed edition:  |z 9783658266165 
856 4 0 |u https://doi.org/10.1007/978-3-658-26615-8  |z Full Text via HEAL-Link 
912 |a ZDB-2-EDA 
950 |a Education (Springer-41171)